000 00678nam a2200289Ia 4500
005 20260324112022.0
008 008 260324s9999 xx 000 0 eng d
020 _a9781032665153
037 _aEBOOK
040 _aCRL
040 _beng
040 _cCRL
041 _2eng
041 _aeng
084 _qCRL
100 _aBorja GarcĂ­a; Vanja Smokvina
_91140969
245 4 _aThe European Model of Sport
245 0 _bMyth or Reality?
260 _bTaylor and Francis
260 _c2025
365 _a
365 _b230
856 _uhttp://www.taylorfrancis.com/books/9781032665153
942 _cEBOOK
999 _c1730001
_d1730001